Se puede pensar la política?
Sparad:
| Huvudupphovsman: | |
|---|---|
| Materialtyp: | Bok |
| Språk: | spanska |
| Publicerad: |
Buenos Aires
Nueva Visión
1990
|
| Serie: | Colección Diagonal
|
| Ämnen: | |
| Taggar: |
Lägg till en tagg
Inga taggar, Lägg till första taggen!
|
MARC
| LEADER | 00000nam a2200000 a 4500 | ||
|---|---|---|---|
| 001 | UCI8916 | ||
| 003 | CL-VaPUC | ||
| 008 | 081009e19900000AG |||||||||||||||||spa|d | ||
| 020 | |a 9789506022099 | ||
| 082 | 0 | 4 | |a 320 |b BAD |2 21 |
| 100 | 0 | |a Badiou, Alain |e author |9 532570 | |
| 245 | 1 | 0 | |a Se puede pensar la política? |
| 300 | |a 78 p | ||
| 942 | |c BK | ||
| 945 | |d 20081009 00:00:00 |a jtorresc | ||
| 260 | |a Buenos Aires |b Nueva Visión |c 1990 | ||
| 650 | 0 | |a Ciencia política |9 324218 | |
| 650 | 0 | |a Política |9 255312 | |
| 583 | |a last modification |c 20081009 00:00:00 |k Rodrigo Vera | ||
| 490 | 0 | |a Colección Diagonal | |
| 999 | |c 331654 |d 331652 | ||
| 952 | |0 0 |1 2 |4 0 |6 320_000000000000000_BAD_1990 |7 0 |8 A |9 418525 |a BIBGIM |b BIBGIM |d 2019-11-22 |i 4741862 |o 320 BAD 1990 |p 4741862 |r 2019-11-22 |w 2019-11-22 |y BK |k SSL | ||